Normale Ansicht MARC-Ansicht ISBD

Schau im Museum Viadrina zeigt Oder in ihrer Vielfalt. (Titelsatznr. 217431)

[ MARC ]
MARC-Details
000 -Satzkennung
Kontrollfeld mit fester Länge 00820nam a22001937a 4500
008 - Feld mit fester Länge zur physischen Beschreibung - Allgemeine Angaben
Kontrollfeld mit fester Länge 201130b ||||| |||| 00| 0 eng d
040 ## - Katalogisierungsquelle
Katalogisierungssprache ger
Übertragungsstelle DE-2950
Beschreibungsfestlegungen rda
Original-Katalogisierungsstelle DE-2950
041 ## - Sprachcode
Sprachcode des Textes/der Tonspur oder des separaten Titels ger
100 ## - Person oder Familie als 1. geistiger Schöpfer
Personenname Waldmann, Nancy:
245 ## - Titel
Haupttitel Schau im Museum Viadrina zeigt Oder in ihrer Vielfalt.
Titelzusatz Kultur: Fische angeln, Zuflüsse puzzeln, Zeugnisse vom "Strom der Freundschaft" studieren - die deutsch-polnische Ausstellung eröffnet heute in Frankfurt /
Verantwortlichkeitsangabe Nancy Waldmann
653 ## - Lokales Schlagwort
Nicht-normierter Term Frankfurt (Oder)
653 ## - Lokales Schlagwort
Nicht-normierter Term Museum
653 ## - Lokales Schlagwort
Nicht-normierter Term Ausstellung "Die Oder. Unser Fluss."
773 ## - Übergeordnete Einheit
Ort, Verlag und Erscheinungsjahr Frankfurt (Oder): Märkisches Verlags- und Druckhaus GmbH & Co KG
Verknüpfungsangaben 32. Jahrgang (2021) Nr. 139 vom 18.06.2021, S.16: Foto
Titel Märkische Oderzeitung
942 ## - Zusätzliche Felder (Koha)
Koha-Medientyp Aufsätze
Exemplare
Ausgeschieden Verloren Beschädigt Nicht entleihbar Permanenter Standort Aktueller Standort Aufstellungsort Eingabedatum Anzahl Ausleihen Signatur Letzte Aktivität Preis gültig von Medientyp
        Stadtarchiv Frankfurt (Oder) | Archivbibliothek Stadtarchiv Frankfurt (Oder) | Archivbibliothek Magazin 21/06/2021   Z2 21/06/2021 21/06/2021 Aufsätze